[Event "World Rapid Women 2019"]
[Site "Moscow RUS"]
[Date "2019.12.28"]
[Round "12.5"]
[White "Stefanova, Antoaneta"]
[Black "Lagno, Kateryna"]
[Result "1/2-1/2"]
[WhiteTitle "GM"]
[BlackTitle "GM"]
[WhiteElo "2476"]
[BlackElo "2547"]
[WhiteFideId "2902257"]
[BlackFideId "14109336"]
[EventDate "2019.12.26"]

1. d4 Nf6 2. Nf3 g6 3. c4 Bg7 4. g3 O-O 5. Bg2 d5 6. cxd5 Nxd5 7. e4 Nb6 8. Nc3
Nc6 9. d5 Na5 10. O-O c6 11. Re1 Nac4 12. Qe2 Re8 13. Rd1 Bd7 14. dxc6 bxc6 15.
Bh3 e6 16. e5 Qc7 17. Bf4 c5 18. Ne4 Bc6 19. Nf6+ Bxf6 20. exf6 e5 21. Bh6 e4
22. Nh4 Qe5 23. b3 Nb2 24. Bf4 Qc3 25. Rac1 Nxd1 26. Rxc3 Nxc3 27. Qd2 Rad8 28.
Qxc3 Rd1+ 29. Bf1 Bb5 30. h3 Bxf1 31. Kh2 e3 32. Bxe3 Nd5 33. Qxc5 Nxe3 34. fxe3
Bd3 35. Qg5 Be4 36. g4 Re6 37. Qf4 h6 38. Qxh6 Rxf6 39. Qg5 Rh1+ 40. Kg3 Rg1+
41. Kh2 Rh1+ 42. Kg3 1/2-1/2

[Event "World Rapid Women 2019"]
[Site "Moscow RUS"]
[Date "2019.12.28"]
[Round "12.6"]
[White "Muzychuk, Mariya"]
[Black "Kovanova, Baira"]
[Result "1-0"]
[WhiteTitle "GM"]
[BlackTitle "WGM"]
[WhiteElo "2559"]
[BlackElo "2335"]
[WhiteFideId "14114550"]
[BlackFideId "4164083"]
[EventDate "2019.12.26"]

1. e4 e5 2. Nf3 Nc6 3. Bc4 Nf6 4. d3 Be7 5. O-O d6 6. a4 O-O 7. Re1 Be6 8. Nbd2
h6 9. a5 a6 10. c3 Qd7 11. b4 d5 12. exd5 Nxd5 13. Qc2 Bd6 14. Ne4 Nf4 15. Bxf4
exf4 16. Bxe6 fxe6 17. d4 Qf7 18. Re2 e5 19. Nxd6 cxd6 20. dxe5 dxe5 21. Rae1
Rac8 22. Nxe5 Nxe5 23. Rxe5 Rc7 24. Qe4 f3 25. Qxf3 Qxf3 26. gxf3 Rxc3 27. R1e3
Rc4 28. R3e4 Rc7 29. Kg2 Rf6 30. Re7 Rf7 31. Rxc7 Rxc7 32. Re6 Kf7 33. Rb6 Rd7
34. f4 Rc7 35. Kf3 Re7 36. f5 Rc7 37. Ke4 Re7+ 38. Kd5 Rd7+ 39. Ke5 Rc7 40. Kd6
Re7 41. Kd5 Rc7 42. Rd6 Ke7 43. Re6+ Kf7 44. Kd6 Rc6+ 45. Kd7 Rc2 46. Rb6 Rxf2
47. Rxb7 Rxh2 48. Kc6+ Kf6 49. Kb6 Rb2 50. Kxa6 h5 51. b5 h4 52. Rb8 Kxf5 53.
Rh8 Kg4 54. b6 h3 55. b7 Kg3 56. b8=Q+ Rxb8 57. Rxb8 g5 58. Kb5 1-0

[Event "World Rapid Women 2019"]
[Site "Moscow RUS"]
[Date "2019.12.28"]
[Round "12.7"]
[White "Danielian, Elina"]
[Black "Kashlinskaya, Alina"]
[Result "1/2-1/2"]
[WhiteTitle "GM"]
[BlackTitle "IM"]
[WhiteElo "2399"]
[BlackElo "2484"]
[WhiteFideId "13300210"]
[BlackFideId "4198026"]
[EventDate "2019.12.26"]

1. Nf3 Nf6 2. c4 e6 3. e3 d5 4. d4 a6 5. Nc3 b6 6. Bd3 Bb7 7. O-O Bd6 8. cxd5
exd5 9. Qc2 O-O 10. e4 dxe4 11. Nxe4 Nbd7 12. Bg5 h6 13. Bh4 Be7 14. Rfe1 Nxe4
15. Bxe7 Qxe7 16. Bxe4 Bxe4 17. Rxe4 Qd6 18. Rc1 Nf6 19. Re5 Nd5 20. a3 Rad8 21.
h3 Nf4 22. Qf5 Ne6 23. d5 Nc5 24. b4 Nd7 25. Re2 Nf6 26. Rd2 Nxd5 27. Rcd1 c6
28. Ne5 g6 29. Qe4 Qe6 30. f4 Nc3 31. Qf3 Nxd1 32. Qxd1 Rxd2 33. Qxd2 Qd5 34.
Qe3 c5 35. Kh2 h5 36. bxc5 bxc5 37. Nf3 c4 38. Qc3 Qe4 39. Qf6 c3 40. Qxc3 Qxf4+
41. Kg1 Rd8 42. Qa5 Rd1+ 43. Kf2 h4 44. Qxa6 Qg3+ 45. Ke2 Ra1 46. Qc8+ Kh7 47.
Qf8 Qxg2+ 48. Ke3 Ra2 49. Qxf7+ Kh8 50. Qf8+ Kh7 51. Qf7+ Kh8 52. Qf8+ 1/2-1/2

[Event "World Rapid Women 2019"]
[Site "Moscow RUS"]
[Date "2019.12.28"]
[Round "12.9"]
[White "Gunina, Valentina"]
[Black "Batsiashvili, Nino"]
[Result "1/2-1/2"]
[WhiteTitle "GM"]
[BlackTitle "GM"]
[WhiteElo "2492"]
[BlackElo "2447"]
[WhiteFideId "4167570"]
[BlackFideId "13602993"]
[EventDate "2019.12.26"]

1. d4 Nf6 2. c4 e6 3. Nf3 b6 4. g3 Bb7 5. Bg2 Be7 6. Nc3 Ne4 7. Bd2 Nxd2 8. Qxd2
d6 9. O-O O-O 10. Qc2 Nd7 11. Ng5 Bxg5 12. Bxb7 Rb8 13. Bg2 f5 14. Qa4 a5 15.
Nb5 Nf6 16. Na7 Qe8 17. Qxe8 Rbxe8 18. e3 Ne4 19. Nb5 c6 20. Bxe4 cxb5 21. Bc6
bxc4 22. Bxe8 Rxe8 23. Rfc1 d5 24. b3 b5 25. bxc4 bxc4 26. Rab1 Be7 27. Rb7 Bb4
28. Kf1 h5 29. Ke2 Kh7 30. h4 Kg6 31. Rb5 Kf6 32. Ra1 Ra8 33. Rf1 Ra7 34. Kd1
Ra6 35. Kc2 g6 36. Rb1 g5 37. Rb8 gxh4 38. gxh4 f4 39. Rg1 Kf5 40. Re8 fxe3 41.
fxe3 Ke4 42. Rg5 Kxe3 43. Rxd5 Rb6 44. Re5+ Kxd4 45. R5xe6 Rb7 46. Rd8+ Kc5 47.
Re5+ Kb6 48. Rc8 c3 49. Kb3 Rf7 50. a3 Be7 51. Rxh5 Rf4 52. Rh6+ Kb7 53. Rxc3
Bxh4 54. Rd3 a4+ 55. Kc3 Bf6+ 56. Kc2 Kc6 57. Kd2 Kc5 58. Rh5+ Kc6 59. Ke3 Rh4
60. Rxh4 Bxh4 61. Rd4 Bg5+ 62. Kd3 Be7 63. Rxa4 Kb5 64. Ra8 Bd6 65. Kc3 Be5+ 66.
Kb3 Bd6 67. Rh8 Bg3 68. Rh5+ Kb6 69. Ka4 Bf4 70. Rf5 Bg3 71. Rf6+ Kb7 72. Kb5
Be5 73. Rf7+ Ka8 74. Rf8+ Kb7 75. Rf7+ Ka8 76. Kc6 Bh2 77. Kb6 Bg1+ 78. Ka6 Bh2
79. Ra7+ Kb8 80. Rh7 Be5 81. Re7 Bd6 82. Re8+ Kc7 83. a4 Bc5 84. Rg8 Bd4 85. Rg4
Be3 86. Rb4 Bf2 87. Rb7+ Kc8 88. Rf7 Bg1 89. Rf8+ Kc7 90. a5 Be3 91. Kb5 Kb7 92.
a6+ Ka7 93. Kc6 Bg1 94. Rf7+ Ka8 95. Rg7 Be3 96. Rg3 Bf2 97. Rd3 Ka7 98. Kb5 Bg1
99. Rd7+ Ka8 100. Rf7 Be3 101. a7 Bxa7 102. Ka6 Bb8 103. Kb6 Bh2 104. Rg7 Bf4
105. Rg4 Be3+ 106. Kc7 Bf2 107. Rg2 Be3 108. Rg4 Bf2 109. Rg5 Be3 110. Rf5 Bg1
111. Ra5+ Ba7 112. Kc6 Kb8 113. Rb5+ Ka8 114. Rb3 Bg1 115. Rh3 Ba7 116. Kc7 Bb8+
117. Kc8 Ba7 118. Rh8 Bd4 119. Rd8 Bb6 120. Rd7 Ba7 121. Kc7 Bb8+ 122. Kb6 Bf4
123. Re7 Bg3 124. Re2 Bf4 125. Re1 Bg3 126. Rf1 Be5 127. Rf5 Bh2 128. Ra5+ Kb8
129. Rg5 Ka8 130. Rg4 Be5 131. Re4 Bg3 132. Rg4 Be5 133. Ra4+ Kb8 134. Re4 Bc7+
135. Kc6 Bg3 136. Rg4 Be5 137. Kb6 Bc7+ 138. Ka6 Be5 139. Rg5 Bf4 140. Rf5 Bh2
141. Rf7 Be5 142. Rb7+ Ka8 143. Kb6 Bd4+ 144. Kc7 Be5+ 145. Kc8 Bd4 146. Rb4 Bf2
147. Ra4+ Ba7 148. Rg4 Bb6 149. Rg6 Be3 150. Re6 Bf2 151. Re2 Bb6 152. Rd2 Be3
153. Rd3 Bb6 154. Kd7 Bg1 155. Kc7 Bh2+ 156. Kb6 Bg1+ 157. Kc6 Bh2 158. Rd2 Bf4
159. Re2 Ka7 1/2-1/2

[Event "World Rapid Women 2019"]
[Site "Moscow RUS"]
[Date "2019.12.28"]
[Round "12.10"]
[White "Paehtz, Elisabeth"]
[Black "Harika, Dronavalli"]
[Result "0-1"]
[WhiteTitle "IM"]
[BlackTitle "GM"]
[WhiteElo "2475"]
[BlackElo "2518"]
[WhiteFideId "4641833"]
[BlackFideId "5015197"]
[EventDate "2019.12.26"]

1. d4 d5 2. Bf4 e6 3. e3 Bd6 4. Bg3 Nf6 5. Nd2 c5 6. Ngf3 O-O 7. c3 Qc7 8. Ne5
Nbd7 9. f4 Ne4 10. Nxe4 dxe4 11. Nc4 Be7 12. f5 Qc6 13. fxe6 Qxe6 14. Be2 b5 15.
Nd2 c4 16. a4 Nb6 17. axb5 Bd7 18. b3 Bxb5 19. Qb1 Bg5 20. Qxe4 Qh6 21. bxc4
Rae8 22. Be5 Bc6 23. d5 f5 24. Qd4 Bxe3 25. Qd3 Rxe5 26. Nf3 Re7 27. dxc6 Qxc6
28. Kf1 Bc5 29. Nd4 Qh6 30. Bf3 Re3 31. Qd2 Rfe8 32. Rd1 Qf4 33. Qf2 Kh8 34. g3
Qe5 35. Kg2 Nxc4 36. Nc6 Qf6 37. Rc1 h6 38. h4 f4 39. Nd4 fxg3 40. Qxg3 Nd2 41.
Rhd1 Nxf3 42. Nxf3 Re2+ 43. Kh1 Rf8 44. Rf1 Bd6 45. Qh3 Re3 46. Kg2 Qg6+ 47. Kh1
Qe4 0-1

[Event "World Rapid Women 2019"]
[Site "Moscow RUS"]
[Date "2019.12.28"]
[Round "12.11"]
[White "Khademalsharieh, Sarasadat"]
[Black "Shuvalova, Polina"]
[Result "0-1"]
[WhiteTitle "IM"]
[BlackTitle "WGM"]
[WhiteElo "2487"]
[BlackElo "2446"]
[WhiteFideId "12512214"]
[BlackFideId "24171760"]
[EventDate "2019.12.26"]

1. d4 Nf6 2. c4 e6 3. Nf3 d5 4. Nc3 c5 5. cxd5 Nxd5 6. e3 cxd4 7. exd4 Bb4 8.
Bd2 O-O 9. Bd3 Nc6 10. O-O Be7 11. Qe2 Bf6 12. Qe4 g6 13. Ne5 Ndb4 14. Bh6 Bxe5
15. Bxf8 Kxf8 16. dxe5 Qxd3 17. Qh4 g5 18. Qh6+ Kg8 19. Qxg5+ Qg6 20. Qh4 Nd5
21. Rae1 Bd7 22. Re4 Kh8 23. Rg4 Qf5 24. Nxd5 exd5 25. Rg5 Qe6 26. Rh5 Qg6 27.
Rg5 Qe6 28. Rh5 Qg6 29. Rh6 Qg7 30. f4 Rg8 31. Qf6 Bf5 32. Rf2 d4 33. h3 d3 34.
g4 Be4 35. Qxg7+ Kxg7 36. Rd6 Rc8 37. Rf1 Na5 38. b3 Rc2 39. Re1 d2 40. Rd1 Rxa2
41. R6xd2 Rxd2 42. Rxd2 Nxb3 43. Rd7 Nc5 44. Rc7 Bc6 45. f5 Kf8 46. g5 a5 47. h4
a4 48. e6 fxe6 49. Rc8+ Kf7 50. Rc7+ Kf8 51. Rc8+ Kf7 52. Rc7+ Nd7 53. fxe6+
Kxe6 54. h5 Kf5 55. g6 Kf6 56. gxh7 Kg7 57. Rc8 Kxh7 58. Kf2 Nb6 59. Rd8 a3 60.
Rd3 a2 61. Ra3 Bd5 62. Ke2 Kh6 63. Kd1 Kxh5 64. Kc2 Kg4 65. Ra7 Nd7 66. Kb2 Kf4
67. Ra5 Ke4 68. Ra7 Nc5 69. Ra5 Kd4 70. Ra8 Nd3+ 71. Ka1 Nc5 72. Kb2 Bc4 73.
Rd8+ Ke5 74. Re8+ Kd6 75. Rh8 Kc6 76. Rh6+ Kb5 77. Rh5 b6 78. Rh6 Ka5 79. Rh5
Kb4 80. Rh6 b5 81. Rh4 Ne6 82. Rh1 Nd4 83. Rg1 Nf3 84. Rh1 Kc5 85. Ka1 Kd4 86.
Kb2 Ne5 87. Rh4+ Kd5 88. Rh5 b4 89. Ka1 Kd4 90. Rh4+ Kc5 91. Rh5 Kd5 92. Kb2 b3
93. Ka1 Be2 94. Rh2 Bd3 95. Rh8 Kd4 96. Rc8 Bc4 97. Rb8 Kd3 98. Rd8+ Kc3 99. Rb8
Kd2 100. Rb4 Kd3 101. Rb8 Nc6 102. Rb6 Nd4 103. Kb2 Nc2 0-1

[Event "World Rapid Women 2019"]
[Site "Moscow RUS"]
[Date "2019.12.28"]
[Round "12.13"]
[White "Abdumalik, Zhansaya"]
[Black "Munguntuul, Batkhuyag"]
[Result "1-0"]
[WhiteTitle "IM"]
[BlackTitle "IM"]
[WhiteElo "2465"]
[BlackElo "2430"]
[WhiteFideId "13703544"]
[BlackFideId "4900758"]
[EventDate "2019.12.26"]

1. e4 c5 2. Nf3 e6 3. d4 cxd4 4. Nxd4 Nc6 5. Nc3 d6 6. g3 Nf6 7. Bg2 Be7 8. O-O
O-O 9. h3 Bd7 10. Nde2 Rb8 11. a4 a6 12. g4 b5 13. axb5 axb5 14. Ng3 b4 15. Nce2
Ne5 16. f4 Nc4 17. b3 Qb6+ 18. Qd4 d5 19. Qxb6 Nxb6 20. e5 Bc5+ 21. Kh2 Ne4 22.
Nxe4 dxe4 23. Bxe4 Bb5 24. Bd3 Bxd3 25. cxd3 Rfd8 26. Ra5 Rbc8 27. Rf3 Nd5 28.
Ra2 Bb6 29. Bd2 h6 30. Kg2 Ra8 31. Rc2 Ra3 32. d4 Rda8 33. Rd3 Ra2 34. Rxa2 Rxa2
35. Kf3 Kf8 36. f5 Ke7 37. Nf4 Ba5 38. Nxd5+ exd5 39. f6+ gxf6 40. exf6+ Kxf6
41. Bxh6 Rh2 42. Kg3 Bc7+ 43. Bf4 Bxf4+ 44. Kxf4 Rf2+ 45. Rf3 Rc2 46. g5+ Kg6
47. h4 Rh2 48. Kg4 Rg2+ 49. Rg3 Rd2 50. h5+ Kg7 51. Kf5 Rxd4 52. h6+ Kh7 53. Kf6
Rf4+ 54. Ke5 Rf1 55. Kxd5 Kg6 56. Rh3 Kh7 57. Ke4 Rg1 58. Kf5 Rc1 59. Rh4 Rc5+
60. Kf6 Rb5 61. Rc4 Rb7 62. Re4 Kg8 63. Re8+ Kh7 64. Re7 1-0

[Event "World Rapid Women 2019"]
[Site "Moscow RUS"]
[Date "2019.12.28"]
[Round "12.14"]
[White "Galliamova, Alisa"]
[Black "Dzagnidze, Nana"]
[Result "0-1"]
[WhiteTitle "IM"]
[BlackTitle "GM"]
[WhiteElo "2438"]
[BlackElo "2520"]
[WhiteFideId "4129725"]
[BlackFideId "13601903"]
[EventDate "2019.12.26"]

1. d4 Nf6 2. c4 e6 3. Nf3 d5 4. g3 dxc4 5. Bg2 a6 6. a4 c5 7. Nbd2 cxd4 8. Nxc4
Nc6 9. O-O Bc5 10. Bf4 O-O 11. Nfe5 Bd7 12. Nd3 Be7 13. b4 Nd5 14. Bxd5 exd5 15.
Nce5 Bh3 16. Nxc6 bxc6 17. Re1 a5 18. Ne5 Bd7 19. Qxd4 axb4 20. a5 c5 21. Qxd5
Bb5 22. Qb7 Ba6 23. Qe4 Bf6 24. Red1 Qe7 25. Rd7 Qe6 26. Rad1 Bxe5 27. Qxe5 Qxe5
28. Bxe5 Bxe2 29. Re1 Bf3 30. Re3 Bc6 31. Rc7 Rfc8 32. f4 c4 33. Rxc8+ Rxc8 34.
Bd6 b3 35. Be5 Re8 36. Kf2 f6 37. Bc3 Be4 38. f5 Kf7 39. a6 Bxf5 40. Rxe8 Kxe8
41. Ke3 Bc8 42. a7 Bb7 43. Kd4 Kf7 44. Kxc4 Kg6 45. Kxb3 Kf5 46. h3 Ke4 47. Bb4
Kf3 48. Bd6 g5 49. Be7 f5 50. Bxg5 Kxg3 51. Kc3 f4 52. Kd2 f3 53. Be3 f2 54.
a8=Q Bxa8 55. Ke2 Bf3+ 0-1

[Event "World Rapid Women 2019"]
[Site "Moscow RUS"]
[Date "2019.12.28"]
[Round "12.15"]
[White "Saduakassova, Dinara"]
[Black "Socko, Monika"]
[Result "1/2-1/2"]
[WhiteTitle "IM"]
[BlackTitle "GM"]
[WhiteElo "2505"]
[BlackElo "2407"]
[WhiteFideId "13700090"]
[BlackFideId "1106619"]
[EventDate "2019.12.26"]

1. d4 Nf6 2. c4 e6 3. Nf3 Bb4+ 4. Bd2 c5 5. Bxb4 cxb4 6. g3 O-O 7. Bg2 d6 8. O-O
Nc6 9. a3 bxa3 10. Rxa3 Re8 11. Nc3 e5 12. d5 Nb4 13. Nd2 a5 14. e4 b6 15. Na2
Bd7 16. Nxb4 axb4 17. Ra1 Qc7 18. Qe2 b5 19. cxb5 Qc2 20. Qd1 Qc5 21. Rc1 Qxb5
22. Qb3 Rec8 23. Nc4 Qb8 24. Ne3 Qb6 25. h3 h6 26. Nc4 Qb8 27. Ne3 Qb6 28. Nc4
Qb8 29. Ne3 1/2-1/2

[Event "World Rapid Women 2019"]
[Site "Moscow RUS"]
[Date "2019.12.28"]
[Round "12.16"]
[White "Ushenina, Anna"]
[Black "Badelka, Olga"]
[Result "1-0"]
[WhiteTitle "GM"]
[BlackTitle "IM"]
[WhiteElo "2416"]
[BlackElo "2399"]
[WhiteFideId "14110911"]
[BlackFideId "13509926"]
[EventDate "2019.12.26"]

1. Nf3 c5 2. c4 Nc6 3. e3 Nf6 4. b3 g6 5. Bb2 Bg7 6. Be2 O-O 7. O-O b6 8. d4
cxd4 9. Nxd4 Bb7 10. Bf3 Qc8 11. Nb5 a6 12. N5c3 Ne5 13. Bxb7 Qxb7 14. Qe2 d6
15. Nd2 Rfd8 16. f4 Nc6 17. Nf3 d5 18. Rad1 dxc4 19. Qxc4 b5 20. Qe2 Qc7 21. h3
Rxd1 22. Rxd1 Rd8 23. Rc1 Qb6 24. Kh2 Nd5 25. Nxd5 Rxd5 26. Bxg7 Kxg7 27. Qc2
Rd6 28. Qc3+ f6 29. Kg3 Nd8 30. Qc7 Qxc7 31. Rxc7 Kf7 32. Ra7 Ne6 33. b4 Rb6 34.
Nd2 Nd8 35. a3 Nc6 36. Ra8 Nb8 37. Nb3 Nd7 38. Kf3 e5 39. Ke4 exf4 40. exf4 Re6+
41. Kd4 Rd6+ 42. Ke3 Ke6 43. Ra7 Kd5 44. Nd2 h5 45. g4 hxg4 46. hxg4 Nb6 47. Rg7
Nc4+ 48. Nxc4 bxc4 49. Rxg6 Kc6 50. g5 Rd3+ 51. Ke4 Rd1 52. gxf6 Kd7 53. f7 Ke7
54. Rxa6 1-0

[Event "World Rapid Women 2019"]
[Site "Moscow RUS"]
[Date "2019.12.28"]
[Round "12.17"]
[White "Fataliyeva, Ulviyya"]
[Black "Cramling, Pia"]
[Result "1-0"]
[WhiteTitle "WGM"]
[BlackTitle "GM"]
[WhiteElo "2387"]
[BlackElo "2461"]
[WhiteFideId "13403052"]
[BlackFideId "1700030"]
[EventDate "2019.12.26"]

1. Nf3 d5 2. b3 Bg4 3. Bb2 Nd7 4. g3 Bxf3 5. exf3 e6 6. Bg2 Ngf6 7. O-O Be7 8.
d3 O-O 9. Nd2 c6 10. f4 a5 11. a3 Re8 12. Nf3 Bf8 13. Ne5 Qb6 14. g4 Nxe5 15.
fxe5 Nd7 16. Re1 a4 17. Re3 axb3 18. cxb3 Ra6 19. d4 c5 20. Bf1 Raa8 21. Rh3
cxd4 22. g5 g6 23. Qg4 Nxe5 24. Qh4 h5 25. gxh6 Be7 26. h7+ Kh8 27. Qf4 f6 28.
Bxd4 Qd6 29. Re1 Nd7 30. Qh6 e5 31. Qxg6 f5 32. Qxf5 exd4 33. Re6 Rf8 34. Rxd6
Rxf5 35. Rxd7 Bxa3 36. Bd3 Rg5+ 37. Rg3 Rxg3+ 38. hxg3 Bf8 39. Rxb7 Rc8 40. b4
Rc3 41. Bf5 Rf3 42. g4 d3 43. Rd7 Rh3 44. Rxd5 1-0

[Event "World Rapid Women 2019"]
[Site "Moscow RUS"]
[Date "2019.12.28"]
[Round "12.18"]
[White "Mammadova, Gulnar"]
[Black "Osmak, Iulija"]
[Result "1/2-1/2"]
[WhiteTitle "IM"]
[BlackTitle "IM"]
[WhiteElo "2386"]
[BlackElo "2388"]
[WhiteFideId "13403508"]
[BlackFideId "14101602"]
[EventDate "2019.12.26"]

1. e4 e5 2. Nf3 Nc6 3. Bc4 Nf6 4. d3 Be7 5. O-O d6 6. a4 O-O 7. Re1 Kh8 8. h3
Ng8 9. Nc3 f5 10. Nd5 Nf6 11. a5 a6 12. c3 Nxd5 13. Bxd5 fxe4 14. dxe4 Qe8 15.
Kh2 Qh5 16. Ng1 Qg6 17. Be3 Bg5 18. Qd2 Bxe3 19. Rxe3 Ne7 20. Rg3 Qh5 21. Bc4
Bd7 22. Nf3 Rf4 23. Re1 Raf8 24. Be2 Qh6 25. Nxe5 Bc8 26. Ng4 Bxg4 27. Bxg4 Rxf2
28. Qxh6 gxh6 29. e5 dxe5 30. Rxe5 Nc6 31. Re6 Rxb2 32. Bf3 Rb5 33. Bxc6 bxc6
34. Rxc6 Rxa5 35. Rxc7 Rg5 36. Ra7 Rxg3 37. Kxg3 Rc8 38. Rxa6 Rxc3+ 39. Kf4 Kg7
40. h4 Rc4+ 41. Kg3 Rc3+ 42. Kg4 1/2-1/2

[Event "World Rapid Women 2019"]
[Site "Moscow RUS"]
[Date "2019.12.28"]
[Round "12.19"]
[White "Arabidze, Meri"]
[Black "Maltsevskaya, Aleksandra"]
[Result "1-0"]
[WhiteTitle "IM"]
[BlackTitle "WGM"]
[WhiteElo "2435"]
[BlackElo "2318"]
[WhiteFideId "13604040"]
[BlackFideId "24174041"]
[EventDate "2019.12.26"]

1. d4 Nf6 2. c4 c5 3. d5 b5 4. cxb5 a6 5. bxa6 e6 6. Nc3 exd5 7. Nxd5 Be7 8. e4
O-O 9. Bd3 Bxa6 10. Ne2 c4 11. Bc2 Nxd5 12. exd5 Bb4+ 13. Nc3 d6 14. O-O Nd7 15.
Qh5 g6 16. Qh6 Bxc3 17. bxc3 Qf6 18. Bd2 Bb7 19. f4 Qg7 20. Qh3 f5 21. Be1 Rfe8
22. Bf2 Re2 23. Bd4 Qf7 24. Bd1 Rexa2 25. Rxa2 Rxa2 26. Bf3 Nf6 27. Re1 Bxd5 28.
Bxf6 Bxf3 29. Re7 Rxg2+ 30. Kf1 Rg4 31. Rxf7 Bg2+ 32. Qxg2 Rxg2 33. Rg7+ 1-0

[Event "World Rapid Women 2019"]
[Site "Moscow RUS"]
[Date "2019.12.28"]
[Round "12.20"]
[White "Guseva, Marina"]
[Black "Sargsyan, Anna M."]
[Result "1-0"]
[WhiteTitle "IM"]
[BlackTitle "WIM"]
[WhiteElo "2373"]
[BlackElo "2382"]
[WhiteFideId "4149351"]
[BlackFideId "13308130"]
[EventDate "2019.12.26"]

1. d4 d5 2. c4 c6 3. Nc3 Nf6 4. e3 e6 5. Nf3 Nbd7 6. Bd3 dxc4 7. Bxc4 b5 8. Bd3
Bd6 9. O-O O-O 10. b3 Bb7 11. Bb2 Qe7 12. Qc2 e5 13. Ne4 Nxe4 14. Bxe4 h6 15.
dxe5 Nxe5 16. Nxe5 Bxe5 17. Bxe5 Qxe5 18. Rac1 Rac8 19. Bf3 a5 20. h3 Rfd8 21.
Rfd1 Qe7 22. Rxd8+ Rxd8 23. Qc3 Qc7 24. a3 Qb6 25. b4 axb4 26. axb4 Qa7 27. h4
Qb8 28. g3 Rd6 29. Kg2 Qd8 30. Qc5 Qd7 31. Ra1 Bc8 32. Bg4 Qxg4 33. Qxd6 Qe4+
34. Kh2 Be6 35. Qd4 Qc2 36. e4 Bc4 37. h5 Qe2 38. Ra8+ Kh7 39. Qc5 Be6 40. Rd8
f5 41. exf5 Qxh5+ 42. Kg1 Bxf5 43. Qf8 Be6 44. Qh8+ Kg6 45. Qe8+ Bf7 46. Qe4+
Kg5 47. Qe5+ Kg6 48. Qe4+ Kg5 49. Rd6 Qg4 50. Qe5+ Qf5 51. Qxg7+ Bg6 52. Qe7+
Kg4 53. Rd4+ 1-0

[Event "World Rapid Women 2019"]
[Site "Moscow RUS"]
[Date "2019.12.28"]
[Round "12.21"]
[White "Ambartsumova, Karina"]
[Black "Charochkina, Daria"]
[Result "1-0"]
[WhiteTitle "IM"]
[BlackTitle "IM"]
[WhiteElo "2341"]
[BlackElo "2355"]
[WhiteFideId "4166299"]
[BlackFideId "4180917"]
[EventDate "2019.12.26"]

1. Nf3 g6 2. g3 Bg7 3. d4 c5 4. Bg2 cxd4 5. Nxd4 Nc6 6. Nb3 Nf6 7. Nc3 O-O 8.
O-O d6 9. Bg5 h6 10. Bf4 Be6 11. Qd2 g5 12. Be3 Ng4 13. Bd4 Nge5 14. Rad1 Rc8
15. Bxe5 Nxe5 16. Bxb7 Nc4 17. Qc1 Rc7 18. Bg2 Nxb2 19. Qxb2 Bxc3 20. Qa3 Bg4
21. Nd4 Bxd4 22. Rxd4 Bxe2 23. Re1 Bh5 24. h4 Bg6 25. hxg5 hxg5 26. Qe3 f6 27.
c4 Qc8 28. Bd5+ Kg7 29. Be6 Qa6 30. Rd2 Rh8 31. Kg2 Be8 32. Bd5 Qc8 33. Qe6 Qxe6
34. Bxe6 Bf7 35. Bd5 Bg6 36. Rb2 Rhc8 37. Re3 e5 38. Ra3 Bf7 39. Ra6 Rd8 40. Rd2
Rcd7 41. Bc6 Rc7 42. Bd5 Bg6 43. Bf3 Bf7 44. Bd5 Bg6 45. Bf3 Rxc4 46. Rxa7+ Kf8
47. Rd1 g4 48. Bd5 Rd4 49. Rh1 1-0

[Event "World Rapid Women 2019"]
[Site "Moscow RUS"]
[Date "2019.12.28"]
[Round "12.22"]
[White "Mammadzada, Gunay"]
[Black "Zimina, Olga"]
[Result "1/2-1/2"]
[WhiteTitle "IM"]
[BlackTitle "IM"]
[WhiteElo "2455"]
[BlackElo "2390"]
[WhiteFideId "13403729"]
[BlackFideId "4132190"]
[EventDate "2019.12.26"]

1. e4 c6 2. d4 d5 3. Nc3 dxe4 4. Nxe4 Nf6 5. Nxf6+ exf6 6. c3 Bd6 7. Bd3 O-O 8.
Qc2 Re8+ 9. Ne2 h5 10. O-O Nd7 11. Ng3 Qc7 12. h3 Bxg3 13. fxg3 Nf8 14. Bf4 Qb6
15. Kh2 Be6 16. Be2 Qa5 17. b4 Qd5 18. Bf3 Bf5 19. Qd1 Be4 20. Bxh5 Ne6 21. Bd2
Bxg2 22. c4 Qe4 23. Re1 Qxd4 24. Kxg2 Rad8 25. Be3 Qxc4 26. Qg4 Qc2+ 27. Re2 Qd3
28. Rf1 g6 29. Rxf6 Qd5+ 30. Qf3 Qxh5 31. Qxh5 gxh5 32. Ref2 Rd3 33. Bxa7 Ra8
34. Bb6 Ra6 35. Bc5 Nxc5 36. bxc5 Raa3 37. Rxf7 Rxg3+ 38. Kf1 Rxa2 39. Rxb7 Ra1+
40. Ke2 Ra2+ 41. Kf1 Ra1+ 42. Ke2 1/2-1/2

[Event "World Rapid Women 2019"]
[Site "Moscow RUS"]
[Date "2019.12.28"]
[Round "12.23"]
[White "Mkrtchian, Lilit"]
[Black "Afonasieva, Anna"]
[Result "1/2-1/2"]
[WhiteTitle "IM"]
[BlackTitle "WFM"]
[WhiteElo "2395"]
[BlackElo "2302"]
[WhiteFideId "13300601"]
[BlackFideId "24173606"]
[EventDate "2019.12.26"]

1. c4 c6 2. Nf3 d5 3. e3 Nf6 4. Nc3 e6 5. b3 Nbd7 6. Bb2 Bd6 7. Qc2 O-O 8. Be2
a6 9. d4 Qe7 10. O-O Ba3 11. Bxa3 Qxa3 12. e4 dxe4 13. Nxe4 Qe7 14. Nxf6+ Qxf6
15. Qe4 Qg6 16. Qe3 Nf6 17. Rfe1 Rd8 18. Bd3 Qh5 19. Qf4 Qg4 20. Qc7 Rd7 21. Qa5
Qf4 22. Rad1 Rb8 23. Qe5 Qxe5 24. dxe5 Ne8 25. Ng5 h6 26. Ne4 b5 27. c5 Nc7 28.
Nd6 Nd5 29. a3 a5 30. g3 Kf8 31. h4 Ke7 32. Rc1 Ra7 33. Re4 Ba6 34. Rg4 Kf8 35.
h5 b4 36. Bxa6 Rxa6 37. a4 Ra7 38. Kf1 Rd8 39. Rd4 Ne7 40. g4 Nd5 41. Ke2 Ke7
42. Kd3 Rad7 43. Re4 Rf8 44. f3 g5 45. hxg6 fxg6 46. Rf1 g5 47. Rd4 Nf4+ 48. Ke3
Ng6 49. Re4 Rdd8 50. Kf2 Rh8 51. Rh1 Rdf8 52. Kg3 Nf4 53. Re3 Nd5 54. Rd3 Nf4
55. Rd2 Rd8 56. Rdh2 h5 57. gxh5 Nd3 58. Nb7 Rd5 59. Nxa5 Rxc5 60. Nc4 Rd5 61.
Re2 Nf4 62. Reh2 Rd3 63. h6 Rxb3 64. Rd1 Rc3 65. Nb6 Nd3 66. a5 Nxe5 67. h7
Rxf3+ 68. Kg2 Ra3 69. Rh6 Rxa5 70. Re1 Kf7 71. Rf1+ Kg7 72. Rxe6 Rxh7 73. Re7+
Kg6 74. Re6+ Kg7 75. Re7+ Kg6 76. Re6+ Kg7 77. Re7+ Kg6 1/2-1/2

[Event "World Rapid Women 2019"]
[Site "Moscow RUS"]
[Date "2019.12.28"]
[Round "12.24"]
[White "Buksa, Nataliya"]
[Black "Gaponenko, Inna"]
[Result "0-1"]
[WhiteTitle "IM"]
[BlackTitle "IM"]
[WhiteElo "2403"]
[BlackElo "2396"]
[WhiteFideId "14123622"]
[BlackFideId "14101181"]
[EventDate "2019.12.26"]

1. e4 d6 2. d4 Nf6 3. Nc3 g6 4. Bg5 h6 5. Bh4 c6 6. e5 dxe5 7. dxe5 Qxd1+ 8.
Rxd1 Ng4 9. Nf3 Bg7 10. Bg3 Nd7 11. Rxd7 Bxd7 12. h3 h5 13. hxg4 hxg4 14. Rxh8+
Bxh8 15. Nd4 Bf5 16. a4 Rd8 17. Nxf5 gxf5 18. Bd3 e6 19. Ke2 f6 20. exf6 Bxf6
21. a5 Bxc3 22. bxc3 Rd5 23. a6 bxa6 24. Bc4 Rd7 25. Bxa6 Rh7 26. Bc8 Ke7 27.
Kd3 Rh1 28. Kd4 a5 29. Kc5 Rc1 30. Bh4+ Kf7 31. Kd6 Rd1+ 32. Kxc6 a4 33. Ba6 a3
34. Bc4 Rd2 35. Bg5 Rxf2 36. Kd7 Rxc2 37. Bxe6+ Kg6 38. Bf4 a2 39. Bxa2 Rxa2 40.
g3 Rc2 41. Be5 f4 42. Bxf4 Kf5 43. Kd6 Rxc3 44. Kd5 Rd3+ 45. Kc4 Ke4 46. Bb8 Rd8
47. Bf4 Kf3 48. Kc3 Rd1 49. Kc2 Rg1 50. Kd2 Rxg3 0-1